01572nam a2200361 a 4500001001000000003000500010005001700015008004100032010001100073011001100084040000900095090001000104100004500114245017500159260004100334500006000375502007500435590004100510590004100551590004000592590004000632650004800672650003800720650003800758700003600796856007000832901000700902942001000909942000600919999001900925952013100944952013501075000113750CHAP20220329144411.0170914s2017 mx sm |||||||spa d a110211 a111183 cCHAP aTesis1 aFernández Rodríguez, Alberto913338310aEfecto de la administración de calostro vía parenteral en la fertilidad de vacas holsteinh[En línea]cpor Alberto Fernández Rodríguez y Juan Zambrano García. aChapingo, Méx. :bEl autor,c2017. aPara ver el contenido del material haga clic en la liga aTesis (Ing. Agr. Esp. en Zootecnia) -- UACH. Departamento de Zootecnia aBATCH-UPDb05c20170914lUCH01h0956 aE11695DGDb10c20170914lUCH01h1427 aE5765TAJb05c20170914lUCH01h0956 aE5765TAJb05c20170914lUCH01h095614aCalostro efecto en ganado Holstein.913338514aCalostroxValor nutritivo.91758414aGanado vacunoxFertilidad.9454671 aZambrano García, Juan9133384 aFinding aiduhttp://10.13.5.2/tesis/sist113750.pdfzTeclea aquí aBK cTESIS n0 c110211d110211 00104054718TESISaBCbBCd2017-09-14fTESISl0oTesisp113752-10r2019-12-31 00:00:00w2019-12-31yTESISzRecien adquirido 00102local4053708TESISaBCbBCcPA_TESISd2017-09-14fTESISl0oTesisp113752-20r2019-12-31 00:00:00tc.2w2019-12-31yTESIS